000 00479nam a2200181Ia 4500
005 20260429112225.0
008 260429s9999||||xx |||||||||||||| ||und||
020 _a9789362245939
041 _aEnglish
082 _a518
_bWAL
100 _aWaller, Carola
245 0 _aNumerical analysis /
_cCarola Waller
260 _aNew Delhi :
_bDiscovery Publishing House,
_c2025.
300 _avi, 220 p; hb
650 _a Numerical analaysis
650 _aMathematics
942 _cTB
999 _c52980
_d52980